Music Quiz

Random Music or Lyrics Quiz

Fill In The Lyrics III Quiz Stats

 Plays Quiz Updated May 22, 2019

Score 0/20 Timer 05:00
1 Play Today
% Correct
Boulevard
91.1%
Keg
69.3%
Jaybird
65.5%
Rabbit
63.6%
Diamonds
56.6%
Mission
56.4%
Dreams
54.1%
Timeless
51.4%
Pleasure
50.4%
Bless
45.2%
% Correct
Running
45%
Replied
44.6%
Flight
42.4%
Bass
40.4%
Nickel
38.4%
Drifting
36.3%
Intuition
33.2%
Movement
21.8%
Bitter
19.3%
Trace
14.7%

You're not logged in!

Compare scores with friends on all Sporcle quizzes.
OR
Log In

Sporcle TV

Today on Sporcle TV


Watch our educational content, quiz creation guides, and fun videos on Sporcle TV.

Show Comments

Extras

Top Quizzes Today


Score Distribution

Your Account Isn't Verified!

In order to create a playlist on Sporcle, you need to verify the email address you used during registration. Go to your Sporcle Settings to finish the process.

Report this User

Report this user for behavior that violates our Community Guidelines.

Details: